|
|
|
|
| LEADER |
02905nam a22005055i 4500 |
| 001 |
978-1-84628-046-7 |
| 003 |
DE-He213 |
| 005 |
20151204184704.0 |
| 007 |
cr nn 008mamaa |
| 008 |
100301s2006 xxk| s |||| 0|eng d |
| 020 |
|
|
|a 9781846280467
|9 978-1-84628-046-7
|
| 024 |
7 |
|
|a 10.1007/b137522
|2 doi
|
| 040 |
|
|
|d GrThAP
|
| 050 |
|
4 |
|a QB1-991
|
| 072 |
|
7 |
|a WNX
|2 bicssc
|
| 072 |
|
7 |
|a SCI004000
|2 bisacsh
|
| 072 |
|
7 |
|a JNF051040
|2 bisacsh
|
| 082 |
0 |
4 |
|a 520
|2 23
|
| 100 |
1 |
|
|a Buick, Tony.
|e author.
|
| 245 |
1 |
0 |
|a How to Photograph the Moon and Planets with Your Digital Camera
|h [electronic resource] /
|c by Tony Buick.
|
| 264 |
|
1 |
|a London :
|b Springer London,
|c 2006.
|
| 300 |
|
|
|a XIV, 274 p. 312 illus., 265 illus. in color.
|b online resource.
|
| 336 |
|
|
|a text
|b txt
|2 rdacontent
|
| 337 |
|
|
|a computer
|b c
|2 rdamedia
|
| 338 |
|
|
|a online resource
|b cr
|2 rdacarrier
|
| 347 |
|
|
|a text file
|b PDF
|2 rda
|
| 490 |
1 |
|
|a Patrick Moore’s Practical Astronomy Series,
|x 1431-9756
|
| 505 |
0 |
|
|a Equipment -- The Magic Ingredient -- Method -- The Universe and You -- Targets -- Our Moon -- The Moon — First Glance -- Regions of the Moon -- Moon Features and Techniques -- Lunar Events -- Solar System Moons -- The Planets -- The Sun -- Transits -- And What Else? -- In Conclusion.
|
| 520 |
|
|
|a Using just a regular digital camera along with an amateur astronomical telescope, anyone can produce spectacular photographs of the Moon, as well as surprisingly good images of major planets. Purpose-made astronomical CCD cameras are still very expensive, but technology has now progressed so that digital cameras – the kind you use for everyday photos – are more than capable of being used for astronomy. Tony Buick has written this illustrated step-by-step manual for anyone who has a telescope (of any size) and a digital camera. Look inside at the beautiful color images he has produced – you could do the same. Much more than a manual of techniques and examples, this book also provides a concise photographic atlas of the whole of the nearside of the Moon – with every image made using a standard digital camera – describing important lunar features, including the sites of manned and robotic landings.
|
| 650 |
|
0 |
|a Popular works.
|
| 650 |
|
0 |
|a Planetology.
|
| 650 |
|
0 |
|a Observations, Astronomical.
|
| 650 |
|
0 |
|a Astronomy
|x Observations.
|
| 650 |
|
0 |
|a Astronomy.
|
| 650 |
1 |
4 |
|a Popular Science.
|
| 650 |
2 |
4 |
|a Popular Science in Astronomy.
|
| 650 |
2 |
4 |
|a Astronomy, Observations and Techniques.
|
| 650 |
2 |
4 |
|a Planetology.
|
| 710 |
2 |
|
|a SpringerLink (Online service)
|
| 773 |
0 |
|
|t Springer eBooks
|
| 776 |
0 |
8 |
|i Printed edition:
|z 9781852339906
|
| 830 |
|
0 |
|a Patrick Moore’s Practical Astronomy Series,
|x 1431-9756
|
| 856 |
4 |
0 |
|u http://dx.doi.org/10.1007/b137522
|z Full Text via HEAL-Link
|
| 912 |
|
|
|a ZDB-2-SHU
|
| 950 |
|
|
|a Humanities, Social Sciences and Law (Springer-11648)
|